نكبة العراق : (Record no. 14446)

MARC details
000 -الفاتح
حقل البيانات ثابتة الطول 01344nam a2200289 i 4500
003 - محدد رقم الضبط
رقم الضبط EG-ScBUE
005 - وقت وتاريخ اخر تعامل مع التسجيلة
رقم الضبط 20240714114056.0
008 - عناصر البيانات ثابتة الطول - معلومات عامة
حقل البيانات ثابتة الطول 100708s2003 ua f b 000 0 ara d
017 ## - رقم الإيداع القانونى
رقم الإيداع القانونى 2003 / 20783
020 ## - الرقم الدولى المعيارى للكتب
الرقم الدولى المعيارى للكتاب 9772272547
040 ## - مصدر الفهرسة
وكالة الفهرسة الأصلية EG-ScBUE
لغة الفهرسة ara
قواعد الوصف rda
وكالة النسخ EG-ScBUE
وكالة التعديل EG-ScBUE
082 04 - رقم تصنيف ديوى العشرى
رقم الطبعة 22
رقم التصنيف 956.7
رقم المادة ن ك ب
245 00 - بيان العنوان
العنوان نكبة العراق :
بقية العنوان الآثار السياسية والاقتصادية /
بيان المسئوليه,etc المحرر أحمد السيد النجار [وإحدى عشر آخرون].
264 #1 - النشر، التوزيع
مكان الناشر او الموزع القاهرة :
اسم الناشر او الموزع مركز الدراسات السياسية والاستراتيجية،
تاريخ النشر أو التوزيع 2003.
300 ## - الوصف المادى
التعداد 420 صفحة ؛
أبعاد الوعاء 24 سم.
336 ## - نوع المحتوى
source rdacontent
Carrier Type Term نص
Content Type Code txt
337 ## - نوع الوسيط
Media Type Term بدون وسيط
source rdamedia
Media Type Code n
338 ## - نوع الحامل أو الناقل
Carrier Type Term مجلد
Carrier Type Code nc
source rdacarrier
490 0# - بيان السلسلة
عنوان السلسلة مطبوعات مركز الدراسات السياسية والاستراتيجية
504 ## - تبصرة ببليوجرافية
تبصرة ببليوجرافية,الخ يشتمل على إرجاعات ببليوجرافية.
541 ## - تبصرة المصدر المباشر للتزويد
مصدر التزويد الف باء ؛
طريقة التزويد شراء ؛
651 #7 - المدخل الاضافى بالموضوع - اسم جغرافى
9 (RLIN) 16210
الاسم الجغرافي العراق
التقسيم الفرعي العام تاريخ
التقسيم الفرعي الزمني العصر الحديث
-- (الاحتلال الأمريكي (2003-2011.
مصدر الرأس أو المصطلح BUEsh
651 #7 - المدخل الاضافى بالموضوع - اسم جغرافى
الاسم الجغرافي العراق
التقسيم الفرعي العام تاريخ
التقسيم الفرعي الزمني العصر الحديث
-- صدام حسين (1979-2003).
مصدر الرأس أو المصطلح BUEsh
655 ## - مصطلح تكشيفى-نوع/شكل
التقسيم الفرعي الشكلي Reading book
700 1# - المدخل الاضافى - اسم شخصى
9 (RLIN) 16104
الإسم الشخصى النجار، أحمد السيد،
الدور محرر.
942 ## - عناصر المدخل الإضافي( كوها)
مصدر التصنيف او مخطط الترفيف Dewey Decimal Classification
Koha [default] item type Book - Borrowing
Holdings
حالة التراجع حالة الفقد مصدر التصنيف او خطة الترفيف حالة تلف ليس للاعارة مجموعات كوها المكان الدائم المكان الحالي موقع الترفيف تاريخ الاكتساب Source of acquisition رقم الاستدعاء الباركود Date last seen مُعار نوع الوعاء
    Dewey Decimal Classification     Alef-Baa Central Library Central Library Second Floor 08/07/2010 Purchase 956.7 ن ك ب 000025015 11/06/2024 08/12/2015 Book - Borrowing